The Athens review of books αθηναϊκή επιθεώρηση του βιβλίου.
Αποθηκεύτηκε σε:
| Μορφή: | Περιοδική έκδοση |
|---|---|
| Γλώσσα: | Greek |
| Δημοσίευση: |
Αθήνα :
Μαρία Βασιλάκη,
2009-
|
| Θέματα: | |
| Ετικέτες: |
Προσθήκη ετικέτας
Δεν υπάρχουν, Καταχωρήστε ετικέτα πρώτοι!
|
MARC
| LEADER | 00000nas a2200000 a 4500 | ||
|---|---|---|---|
| 001 | 1/119702 | ||
| 008 | 190725c2010####gr |||||||||||| ||gre|| | ||
| 022 | |a 1792-0914 | ||
| 040 | |a GR-MyUa |b gre |c GR-MyUa |e AACR2 | ||
| 041 | 0 | |a gre | |
| 082 | 7 | |a 028.905 |2 (23) | |
| 210 | 1 | |a Athens Rev. Books | |
| 222 | 4 | |a The Athens review of books | |
| 245 | 0 | 4 | |a The Athens review of books |h [περιοδικό] : |b αθηναϊκή επιθεώρηση του βιβλίου. |
| 260 | |a Αθήνα : |b Μαρία Βασιλάκη, |c 2009- | ||
| 300 | |a τ. : |b εικ. ; |c 34 εκ. | ||
| 310 | |a Μηνιαίο | ||
| 362 | 0 | ||
| 650 | 0 | |a Books and reading |x Periodicals. | |
| 853 | |a INST |b LEMNOS |c SER |h SER 028.905 ATH | ||
| 920 | |a Κακάρογλου |b Λεωνίδας |y Λήμνος-ΤΕΤΔ |z 2014-07 | ||
| 922 | |a 6ΕΛΗ | ||
| 970 | |a Ξενιτοπούλου |b Κωνσταντία |z 25/07/2019 | ||